Statistics for Top 10 Most Islamic Countries

Click here to take the quiz!

General Stats

  • This quiz has been taken 168 times
  • The average score is 6 of 10

Answer Stats

%Country% Correct
99.4Iran
92%
99.7Afghanistan
76%
99.1Yemen
74%
99Algeria
72%
99Morocco
68%
99.8Tunisia
56%
99.8Somalia
55%
99.2*Turkey
54%
100Mauritania
51%
98.4Maldives
38%

Score Distribution

Percentile by Number Answered

Percent of People with Each Score

Your Score History

You have not taken this quiz